000 00618nam a2200229Ia 4500
003 OSt
005 20220918200855.0
006 a|||||r|||| 00| 0
007 ta
008 220917b |||||||| |||| 00| 0 eng d
024 _a90,642
037 _cTextual
040 _aARTS
_cARTS
_beng
041 _2eng
_aeng
082 _aVg, L7
100 _aStephens Lester D
_995868
245 0 _aProbing the past
_b a suide to the study and teaching of history
260 _aBoston
_bAllyn and Bacon
_c1977
650 _aHISTORY
942 _hVg, L7
_cTEXL
_2CC
999 _c214303
_d214303